000 00749nam a2200229 a 4500
001 50581
003 BD-RjUL
005 20211209075530.0
008 160827s1969 BG |||| |||| 00|benbbend
020 _c: Tk. 3.50
035 _a(BD-RjUL)50701
040 _aBD-RjUL
_bben
_cBD-RjUL
041 _aben
082 _223
_a891.443
_bRES 1969
100 1 _aরেজ্জাক, আবদুর
_9148000
245 1 0 _aশেষ দেখা /
_cআবদুর রেজ্জাক,
260 _aঢাকা :
_bপলাশ মুদ্রণ,
_c১৯৬৯
300 _a[৪], ১৩১ পৃ. ;
_b১৯ সেমি.
650 _aবাংলা উপন্যাস
_9148001
650 _aBengali Fiction
_9148002
942 _2ddc
_cBK
999 _c50581
_d50581